| 000 | 00779nam a2200241 a 4500 | ||
|---|---|---|---|
| 999 |
_c45398 _d45398 |
||
| 005 | 20190215135053.0 | ||
| 008 | |||
| 020 | _a9789716350388 | ||
| 100 | 1 | _aMendoza, Perseville U. | |
| 245 | 1 | 0 |
_aPamimilosopiya : _bmga pagdulog at konsepto / _cPerseville U. Mendoza, Ma. Theresa T. Payongayong, Jeanette L. Yasol-Naval. |
| 250 | _aUnang edisyon. | ||
| 260 |
_aQuezon City : _bSentro ng Wikang Filipino-Diliman, Universidad ng Filipinas, _c2011. |
||
| 300 |
_a119 p. ; _c23 cm. |
||
| 336 | _atext | ||
| 337 | _aunmediated | ||
| 338 | _avolume | ||
| 440 | 0 | _aAklat ili | |
| 650 | 0 | _aPhilosophy. Modern. | |
| 650 | 0 | _aPhilosophy. | |
| 700 | 1 | _aPayongayong, Ma. Theresa T. | |
| 700 | 1 | _aNaval, Jeanette L. Yasol. | |
| 942 |
_2lcc _cBK |
||